Organic Pharmaceutical Chemistry (Record no. 6166)

MARC details
000 -LEADER
fixed length control field 00541nam a22002057a 4500
003 - CONTROL NUMBER IDENTIFIER
control field OSt
005 - DATE AND TIME OF LATEST TRANSACTION
control field 20181008183232.0
008 - FIXED-LENGTH DATA ELEMENTS--GENERAL INFORMATION
fixed length control field 181008b xxu||||| |||| 00| 0 eng d
020 ## - INTERNATIONAL STANDARD BOOK NUMBER
International Standard Book Number 8185731209
040 ## - CATALOGING SOURCE
Transcribing agency DNLM
082 ## - DEWEY DECIMAL CLASSIFICATION NUMBER
Classification number QV744 H56o 2000
100 ## - MAIN ENTRY--PERSONAL NAME
Personal name Singh; Harkishan; Kapoor, V. K.
9 (RLIN) 12725
245 ## - TITLE STATEMENT
Title Organic Pharmaceutical Chemistry
250 ## - EDITION STATEMENT
Edition statement 5th ed.
260 ## - PUBLICATION, DISTRIBUTION, ETC. (IMPRINT)
Place of publication, distribution, etc. Delhi; Vallabh Prakashan, 2000
300 ## - PHYSICAL DESCRIPTION
Extent 454p; ill: 22cm
504 ## - BIBLIOGRAPHY, ETC. NOTE
Bibliography, etc Index included
650 ## - SUBJECT ADDED ENTRY--TOPICAL TERM
Topical term or geographic name as entry element Pharmaceutical chemistry
9 (RLIN) 283
942 ## - ADDED ENTRY ELEMENTS (KOHA)
Source of classification or shelving scheme Other/Generic Classification Scheme
Koha item type Short Loan
Holdings
Withdrawn status Lost status Source of classification or shelving scheme Damaged status Not for loan Home library Current library Date acquired Source of acquisition Inventory number Total Checkouts Full call number Barcode Date last seen Koha item type
    Other/Generic Classification Scheme     Pharmacy Department Library Pharmacy Department Library 08/10/2018   13/00511   QV744 H56o 2000 2018-0386 08/10/2018 Short Loan